Con buena letra / (Registro nro. 194526)
[ vista simple ]
| 000 -LEADER | |
|---|---|
| campo de control de longitud fija | 02324nam a2200373 i 4500 |
| 001 - NÚMERO DE CONTROL | |
| campo de control | 194526 |
| 003 - IDENTIFICADOR DE NÚMERO DE CONTROL | |
| campo de control | SpMaBN |
| 005 - FECHA Y HORA DE LA ÚLTIMA TRANSACCIÓN | |
| campo de control | 20250711063124.0 |
| 008 - DATOS DE LONGITUD FIJA--INFORMACIÓN GENERAL | |
| campo de control de longitud fija | 240503s2002 sp | ||| ||spa |
| 016 7# - NÚMERO DE CONTROL DE UNA AGENCIA BIBLIOGRÁFICA NACIONAL | |
| Número de control del registro | bimoBNE20030285791 |
| Fuente | SpMaBN |
| 017 ## - NÚMERO DE COPYRIGHT O DE DEPÓSITO LEGAL | |
| Número de copyright o de depósito legal | M 49991-2002 |
| Agencia que asigna | Oficina Depósito Legal Madrid |
| 020 ## - NÚMERO INTERNACIONAL ESTÁNDAR DEL LIBRO | |
| Número Internacional Estándar del Libro | 848460229X |
| 035 ## - NÚMERO DE CONTROL DEL SISTEMA | |
| Número de control de sistema | (OCoLC)1004306259 |
| 040 ## - FUENTE DE CATALOGACIÓN | |
| Centro catalogador/agencia de origen | SpMaBN |
| Lengua de catalogación | spa |
| Centro/agencia transcriptor | SpMaBN |
| Normas de descripción | rdc |
| 080 ## - NÚMERO DE LA CLASIFICACIÓN DECIMAL UNIVERSAL | |
| Número de la Clasificación Decimal Universal | 821.134.2-14"19" |
| 100 1# - ENTRADA PRINCIPAL--NOMBRE DE PERSONA | |
| Nombre de persona | Sabina, Joaquín, |
| Fechas asociadas al nombre | 1949- |
| Número de control del registro de autoridad o número normalizado | XX951881 |
| 9 (RLIN) | 240757 |
| Término indicativo de función/relación | Autor |
| 245 10 - MENCIÓN DEL TÍTULO | |
| Título | Con buena letra / |
| Mención de responsabilidad, etc. | Joaquín Sabina |
| 250 ## - MENCION DE EDICION | |
| Mención de edición | Primera edición: octubre 2002 |
| Resto de la mención de edición | Tercera edición: diciembre 2002 |
| 260 ## - PUBLICACIÓN, DISTRIBUCIÓN, ETC. | |
| Lugar de publicación, distribución, etc. | Madrid : |
| Nombre del editor, distribuidor, etc. | Temas de hoy, |
| Fecha de publicación, distribución, etc. | 2002 |
| 300 ## - DESCRIPCIÓN FÍSICA | |
| Extensión | 325 páginas : |
| Otras características físicas | il. col. ; |
| Dimensiones | 22 cm |
| 336 ## - TIPO DE CONTENIDO | |
| Fuente | rdacontent |
| Término de tipo de contenido | texto |
| 337 ## - TIPO DE MEDIO | |
| Fuente | rdamedia |
| Nombre/término del tipo de medio | sin mediación |
| 338 ## - TIPO DE SOPORTE | |
| Fuente | rdacarrier |
| Nombre/término del tipo de soporte | volumen |
| 520 ## - RESUMEN, ETC. | |
| Sumario, etc. | Con buena letra recoge todas las canciones de Joaquín Sabina, desde sus inicios hasta la actualidad. Leerlas es descifrar el catecismo de un vividor. Porque su autor ha sabido crear un personaje que a estas alturas es ya un auténtico mito popular, ese calavera flaco e irreductible que encarna la diversión, la nocturnidad, la poesía de la calle, la pasión sin contratos, la irreverencia, la sinceridad y la utopía.<br/>El lector se sorprenderá al reconocer en estas letras parte de su mundo, y aún más al descubrir en las anotaciones manuscritas de Joaquín los nombres reales de los personajes de muchas de sus historias, los homenajes encubiertos a poetas y compositores, o la ironía con que el autor salda cuentas con su propio pasado. Los dibujos de Joaquín Sabina y las ilustraciones que ambientan cada texto permiten disfrutar doblemente de su poesía, una poesía inteligente y emocionante como pocas. |
| 650 #4 - PUNTO DE ACCESO ADICIONAL DE MATERIA--TÉRMINO DE MATERIA | |
| 9 (RLIN) | 10726 |
| Término de materia o nombre geográfico como elemento de entrada | Canciones españolas- |
| Subdivisión cronológica | S.XX |
| 700 1# - ENTRADA AGREGADA--NOMBRE PERSONAL | |
| 9 (RLIN) | 93605 |
| Nombre de persona | Prado, Benjamín |
| Término indicativo de función/relación | Autor de introducción |
| 852 ## - LOCALIZACIÓN | |
| Ubicación | ES-MaACL |
| Ubicación en estantería | Depósito J |
| Número de control de estantería | N-9936 |
| Donativo/Legado | Donación: José Lázaro García |
| Encuadernación | Encuadernación cartoné |
| itemnumber | 205857 |
| 903 ## - NOMBRE PERSONAL DE DONANTE | |
| 9 | 234219 |
| a | Lázaro García, José |
| e | Donante |
| 942 ## - ELEMENTOS DE ENTRADA SECUNDARIOS (KOHA) | |
| Tipo de ítem Koha | Libro impreso |
| Suprimir en OPAC | No |
| Estatus retirado | Estado de pérdida | Fuente del sistema de clasificación o colocación | Estado de daño | No para préstamo | Biblioteca de origen | Biblioteca actual | Ubicación en estantería | Fecha de adquisición | Fuente de adquisición | Total de préstamos | Signatura topográfica completa | Código de barras | Visto por última vez | Precio de reemplazo | Tipo de ítem Koha |
|---|---|---|---|---|---|---|---|---|---|---|---|---|---|---|---|
| Clasificación decimal universal | Biblioteca del Ateneo de Madrid | Biblioteca del Ateneo de Madrid | Depósito J | 27/05/2025 | Donación | N-9936 | 101230194 | 27/05/2025 | 27/05/2025 | Libro impreso |
